[Event "4NCL/Div1/WGR2 vs. RICA"]
[Site "West Bromwich ENG"]
[Date "2004.11.20"]
[Round "3.1"]
[White "Littlewood, Paul E"]
[Black "Bates, Richard A"]
[Result "1/2-1/2"]
[WhiteElo "2380"]
[BlackElo "2381"]
[PlyCount "70"]
[EventDate "2004.11.20"]
[SourceDate "2004.09.21"]

1. d4 Nf6 2. c4 g6 3. Nc3 Bg7 4. e4 d6 5. Be2 O-O 6. Nf3 Na6 7. O-O e5 8. Rb1
c6 9. d5 Nc5 10. Nd2 a5 11. b3 Bh6 12. Qc2 Bd7 13. Nf3 Bxc1 14. Rbxc1 Bg4 15.
Ne1 Bxe2 16. Qxe2 cxd5 17. cxd5 Nfd7 18. Nd3 Nxd3 19. Qxd3 Nc5 20. Qe3 Qd7 21.
Nb1 f5 22. f3 fxe4 23. fxe4 Rf4 24. Nd2 Raf8 25. Rxf4 Rxf4 26. a3 a4 27. b4 Nb3
28. Nxb3 axb3 29. Qxb3 Rxe4 30. Qc2 Rf4 31. Qc8+ Qxc8 32. Rxc8+ Rf8 33. Rc7 Rf7
34. Rc8+ Rf8 35. Rc7 Rf7 1/2-1/2

[Event "4NCL/Div1/WGR2 vs. RICA"]
[Site "West Bromwich ENG"]
[Date "2004.11.20"]
[Round "3.2"]
[White "Cech, Pavel"]
[Black "Pert, Richard G"]
[Result "1/2-1/2"]
[WhiteElo "2403"]
[BlackElo "2420"]
[PlyCount "28"]
[EventDate "2004.11.20"]
[SourceDate "2004.09.21"]

1. d4 Nf6 2. Nf3 d5 3. c4 e6 4. Nc3 dxc4 5. e3 a6 6. Bxc4 b5 7. Bb3 Bb7 8. O-O
c5 9. Qe2 Nbd7 10. Rd1 Qb8 11. Bd2 Bd6 12. h3 O-O 13. Rac1 h6 14. Bc2 Rd8
1/2-1/2

[Event "4NCL/Div1/WGR2 vs. RICA"]
[Site "West Bromwich ENG"]
[Date "2004.11.20"]
[Round "3.3"]
[White "Martin, Andrew D"]
[Black "Van der Griendt, Jan W"]
[Result "1/2-1/2"]
[WhiteElo "2433"]
[BlackElo "2373"]
[PlyCount "93"]
[EventDate "2004.11.20"]
[SourceDate "2004.09.21"]

1. c4 Nf6 2. Nc3 e5 3. Nf3 d6 4. g3 Be7 5. Bg2 O-O 6. d4 Nbd7 7. O-O c6 8. Qc2
Re8 9. Rd1 Bf8 10. Rb1 e4 11. Ng5 d5 12. cxd5 cxd5 13. Nb5 h6 14. Nc7 Nb6 15.
Nxa8 Nxa8 16. Nh3 Bf5 17. e3 Bg4 18. Rf1 Qd7 19. Nf4 Rc8 20. Qd2 g5 21. Ne2 Nb6
22. Nc3 Nc4 23. Qe1 b5 24. b3 Nb6 25. f3 exf3 26. Bxf3 Bf5 27. Bd2 b4 28. Ne2
Bxb1 29. Qxb1 Qe6 30. Qd3 Ne4 31. Be1 Re8 32. Nc1 Nd7 33. Qe2 Ndf6 34. Nd3 Nc3
35. Bxc3 bxc3 36. Re1 Rc8 37. Qc2 Ne4 38. Ne5 f5 39. g4 Rc7 40. Rf1 fxg4 41.
Bxg4 Qd6 42. Bf5 Bg7 43. Bxe4 dxe4 44. Qxe4 Bxe5 45. dxe5 Qc6 46. Qf5 c2 47.
Qf8+ 1/2-1/2

[Event "4NCL/Div1/WGR2 vs. RICA"]
[Site "West Bromwich ENG"]
[Date "2004.11.20"]
[Round "3.4"]
[White "Webb, Laurence E"]
[Black "Levitt, Jonathan P"]
[Result "1/2-1/2"]
[WhiteElo "2336"]
[BlackElo "2441"]
[PlyCount "28"]
[EventDate "2004.11.20"]
[SourceDate "2004.09.21"]

1. e4 e6 2. d4 d5 3. exd5 exd5 4. Nf3 Nf6 5. Bd3 Bg4 6. O-O Be7 7. c3 Nbd7 8.
Re1 O-O 9. Bg5 c5 10. Nbd2 a6 11. Qc2 h6 12. Bh4 Rc8 13. h3 Be6 14. dxc5 Nxc5
1/2-1/2

[Event "4NCL/Div1/WGR2 vs. RICA"]
[Site "West Bromwich ENG"]
[Date "2004.11.20"]
[Round "3.5"]
[White "Pein, Malcolm"]
[Black "Hinks-Edwards, Thomas"]
[Result "1-0"]
[WhiteElo "2419"]
[BlackElo "2383"]
[PlyCount "51"]
[EventDate "2004.11.20"]
[SourceDate "2004.09.21"]

1. Nf3 Nf6 2. c4 b6 3. g3 c5 4. Bg2 Bb7 5. O-O e6 6. Nc3 Be7 7. Re1 a6 8. e4 d6
9. d4 cxd4 10. Nxd4 Qc7 11. Be3 O-O 12. Rc1 Nbd7 13. f4 Rfe8 14. g4 g6 15. g5
Nh5 16. f5 exf5 17. Nd5 Qd8 18. Nxf5 Bf8 19. Rf1 Bxd5 20. cxd5 Ne5 21. Nd4 Bg7
22. Nc6 Nxc6 23. dxc6 Bxb2 24. Qb3 Be5 25. Qxf7+ Kh8 26. Bh3 1-0

[Event "4NCL/Div1/WGR2 vs. RICA"]
[Site "West Bromwich ENG"]
[Date "2004.11.20"]
[Round "3.6"]
[White "Quinn, Mark"]
[Black "Tiller, Bjorn"]
[Result "1/2-1/2"]
[WhiteElo "2409"]
[BlackElo "2378"]
[PlyCount "72"]
[EventDate "2004.11.20"]
[SourceDate "2004.09.21"]

1. d4 g6 2. c4 Bg7 3. Nc3 d6 4. e4 e5 5. d5 a5 6. Bd3 Nd7 7. Nge2 Ne7 8. h3 f5
9. exf5 Nxf5 10. Ne4 O-O 11. O-O b6 12. Bg5 Nf6 13. g4 Ne7 14. N2g3 Nxe4 15.
Bxe4 Bf6 16. Be3 Kh8 17. Qd2 Bd7 18. f4 exf4 19. Bxf4 Ng8 20. g5 Bg7 21. h4 Bg4
22. Be3 Qe7 23. Bd4 Rxf1+ 24. Rxf1 Rf8 25. Rxf8 Qxf8 26. Qc3 Bxd4+ 27. Qxd4+
Qg7 28. Qxg7+ Kxg7 29. Kf2 h6 30. Ke3 Ne7 31. gxh6+ Kxh6 32. Kf4 Bd1 33. Bd3
Ba4 34. Ne4 Ng8 35. Ng5 Bd7 36. Nf7+ Kg7 1/2-1/2

[Event "4NCL/Div1/WGR2 vs. RICA"]
[Site "West Bromwich ENG"]
[Date "2004.11.20"]
[Round "3.7"]
[White "Pokorna, Regina"]
[Black "Wall, Gavin"]
[Result "1/2-1/2"]
[WhiteElo "2370"]
[BlackElo "2385"]
[PlyCount "98"]
[EventDate "2004.11.20"]
[SourceDate "2004.09.21"]

1. e4 e5 2. Nf3 d6 3. Bc4 Be7 4. d4 exd4 5. Nxd4 Nf6 6. Nc3 O-O 7. O-O a6 8. a4
Nc6 9. Re1 Nb4 10. Nd5 Nbxd5 11. exd5 Re8 12. Ra3 Bg4 13. Qd2 Nd7 14. h3 Ne5
15. Bf1 Bd7 16. c4 Bf6 17. Qd1 Nxc4 18. Rxe8+ Qxe8 19. Bxc4 Bxd4 20. Qxd4 Qe1+
21. Kh2 Qxc1 22. Rg3 g6 23. b3 Re8 24. Qf6 Qh6 25. Bd3 Qg7 26. Qf4 Re1 27. Bc2
Qa1 28. Rf3 Qe5 29. Qxe5 Rxe5 30. Rc3 c5 31. dxc6 Bxc6 32. b4 Kf8 33. g4 Re1
34. Bb3 Re4 35. Rf3 Rxb4 36. Rxf7+ Ke8 37. Be6 Re4 38. Bb3 Bxa4 39. Rxb7 Bxb3
40. Rxb3 a5 41. Rb7 a4 42. Rxh7 Re2 43. Kg2 a3 44. Ra7 Ra2 45. h4 Ra1 46. h5
gxh5 47. gxh5 Kf8 48. h6 Kg8 49. f4 a2 1/2-1/2

[Event "4NCL/Div1/WGR2 vs. RICA"]
[Site "West Bromwich ENG"]
[Date "2004.11.20"]
[Round "3.8"]
[White "Wilson, Alexandra"]
[Black "McDonald, Neil"]
[Result "0-1"]
[WhiteElo "2070"]
[BlackElo "2380"]
[PlyCount "44"]
[EventDate "2004.11.20"]
[SourceDate "2004.09.21"]

1. e4 e6 2. d4 d5 3. e5 c5 4. c3 Nc6 5. Nf3 Bd7 6. Be2 Nge7 7. Na3 cxd4 8. cxd4
Qa5+ 9. Bd2 Qb6 10. Bc3 Ng6 11. g3 Be7 12. Nc2 O-O 13. h4 f6 14. h5 Nh8 15. Ne3
fxe5 16. dxe5 Rad8 17. Nxd5 exd5 18. Qxd5+ Nf7 19. e6 Nb4 20. exf7+ Rxf7 21.
Qb3 Be6 22. Qa4 Rxf3 0-1

[Event "4NCL/Div1/NWE1 vs. WGR1"]
[Site "West Bromwich ENG"]
[Date "2004.11.20"]
[Round "3.1"]
[White "Hanley, Craig A"]
[Black "Shirov, Alexei"]
[Result "0-1"]
[WhiteElo "2396"]
[BlackElo "2726"]
[PlyCount "168"]
[EventDate "2004.11.20"]
[SourceDate "2004.09.21"]

1. e4 c5 2. Nf3 Nc6 3. Nc3 e5 4. Bc4 Be7 5. d3 Nf6 6. Nd2 a6 7. a4 Nb4 8. O-O
O-O 9. Re1 d6 10. Nf1 Bg4 11. Qd2 Be6 12. Ne3 Rb8 13. a5 Nh5 14. Ncd5 Nc6 15.
Nxe7+ Nxe7 16. g3 g6 17. c3 Nc6 18. Bxe6 fxe6 19. Nc4 Qc7 20. Qe2 Kg7 21. Qg4
d5 22. exd5 exd5 23. Nb6 Nf6 24. Qh4 h5 25. Bg5 Qd6 26. h3 Rf7 27. Be3 Rbf8 28.
Re2 Ne7 29. b4 cxb4 30. Qxb4 Qe6 31. Bg5 Nc6 32. Qc5 Nh7 33. Be3 Qxh3 34. Qxd5
Nf6 35. Qg2 Qf5 36. d4 Qd3 37. Rae1 exd4 38. cxd4 Ng4 39. d5 Nce5 40. f4 Nd7
41. Rd2 Qb5 42. Bd4+ Kh6 43. Qe2 Qxa5 44. Nc4 Qb4 45. Rb2 Qa4 46. Rxb7 Rc8 47.
Rc1 Nde5 48. Rxf7 Nxf7 49. Kg2 Qb3 50. Kh3 Qb7 51. Qd2 Kh7 52. Bb2 Qd7 53. Nb6
Rxc1 54. Qxc1 Qb5 55. Bd4 Qe2 56. Bg1 Nf6 57. d6 Qe6+ 58. Kg2 Qe4+ 59. Kf1 Qd3+
60. Kg2 Qe4+ 61. Kf1 Qd3+ 62. Kg2 Nxd6 63. Qc7+ Kh6 64. Bf2 h4 65. gxh4 Qe4+
66. Kg1 Qxf4 67. Qc5 Ng4 68. Qg5+ Qxg5 69. hxg5+ Kxg5 70. Bg3 Nb5 71. Na4 Nd4
72. Bc7 Nb3 73. Kf1 Kf5 74. Bd8 Nf6 75. Ke2 Ne4 76. Be7 g5 77. Kd3 g4 78. Ke3
g3 79. Kf3 Nd4+ 80. Kg2 Kg4 81. Bd8 Ne6 82. Bb6 Nf4+ 83. Kf1 g2+ 84. Ke1 Nc5
0-1

[Event "4NCL/Div1/NWE1 vs. WGR1"]
[Site "West Bromwich ENG"]
[Date "2004.11.20"]
[Round "3.2"]
[White "Cramling, Pia"]
[Black "Trent, Lawrence"]
[Result "1/2-1/2"]
[WhiteElo "2477"]
[BlackElo "2390"]
[PlyCount "86"]
[EventDate "2004.11.20"]
[SourceDate "2004.09.21"]

1. d4 Nf6 2. Nf3 g6 3. g3 Bg7 4. Bg2 O-O 5. O-O d6 6. a4 a5 7. c3 b6 8. Re1 Bb7
9. Nbd2 Nbd7 10. e4 e5 11. d5 Nc5 12. Qc2 Ba6 13. Bf1 Bxf1 14. Nxf1 Qd7 15.
N3d2 Nh5 16. b3 f5 17. Ba3 Nxe4 18. Nxe4 fxe4 19. Qxe4 Qf7 20. Qg2 e4 21. Rxe4
Bxc3 22. Rc1 Bg7 23. Rec4 Ra7 24. Ne3 Re8 25. R1c2 Bh6 26. Bc1 Nf6 27. f4 Re7
28. R2c3 Bg7 29. Rd3 Nd7 30. Ba3 Nc5 31. Bxc5 bxc5 32. Re4 Ra8 33. Rxe7 Qxe7
34. Qf3 Re8 35. Kf1 Qf6 36. Nc4 g5 37. f5 h5 38. Qxh5 Qxf5+ 39. Rf3 Qb1+ 40.
Kg2 Re2+ 41. Kh3 Qe4 42. Qf7+ Kh8 43. Qh5+ Kg8 1/2-1/2

[Event "4NCL/Div1/NWE1 vs. WGR1"]
[Site "West Bromwich ENG"]
[Date "2004.11.20"]
[Round "3.3"]
[White "Haslinger, Stewart"]
[Black "Cmilyte, Viktorija"]
[Result "1/2-1/2"]
[WhiteElo "2405"]
[BlackElo "2442"]
[PlyCount "59"]
[EventDate "2004.11.20"]
[SourceDate "2004.09.21"]

1. e4 c5 2. Nf3 Nc6 3. Nc3 e5 4. Bc4 d6 5. d3 Be7 6. O-O Nf6 7. Ng5 O-O 8. f4
Bg4 9. Qe1 exf4 10. Bxf4 Nd4 11. Qd2 Qd7 12. Be3 Be6 13. Rae1 Ng4 14. Bf4 Bxc4
15. dxc4 Bxg5 16. Bxg5 Ne5 17. Bf6 Qg4 18. Bxe5 dxe5 19. Nd5 Kh8 20. c3 Nc6 21.
Rf5 f6 22. Nc7 Rad8 23. Qf2 Ne7 24. h3 Qg6 25. Ne6 Nxf5 26. exf5 Qf7 27. Nxd8
Rxd8 28. Qxc5 b6 29. Qc6 h6 30. Re2 1/2-1/2

[Event "4NCL/Div1/NWE1 vs. WGR1"]
[Site "West Bromwich ENG"]
[Date "2004.11.20"]
[Round "3.4"]
[White "Kovalevskaya, Ekaterina"]
[Black "Littlewood, John E"]
[Result "1/2-1/2"]
[WhiteElo "2471"]
[BlackElo "2308"]
[PlyCount "235"]
[EventDate "2004.11.20"]
[SourceDate "2004.09.21"]

1. e4 e5 2. Nf3 d6 3. d4 exd4 4. Nxd4 Nf6 5. Nc3 Be7 6. Bc4 O-O 7. O-O c6 8. a4
Re8 9. Re1 Bf8 10. Bg5 Nbd7 11. Bh4 Qb6 12. Nb3 Qb4 13. Bd3 d5 14. a5 b5 15.
Bxf6 Nxf6 16. exd5 Rxe1+ 17. Qxe1 Bd7 18. dxc6 Bxc6 19. f3 a6 20. Ne2 Qd6 21.
Nbd4 Bb7 22. c3 g6 23. Qd2 Bg7 24. Bc2 Re8 25. Bb3 b4 26. Rd1 bxc3 27. bxc3 Qc7
28. Qa2 Re7 29. Rb1 h5 30. Bc4 Bh6 31. Kh1 Be3 32. Bd3 h4 33. Qc4 h3 34. Qxc7
hxg2+ 35. Kxg2 Rxc7 36. Nc2 Ba7 37. Nb4 Rc5 38. Nxa6 Rg5+ 39. Ng3 Bxa6 40. Bxa6
Rxa5 41. Bc4 Nd5 42. Bxd5 Rxd5 43. Ne4 Ra5 44. Rb2 Be3 45. Re2 Bf4 46. c4 Kg7
47. Rc2 Rh5 48. Ng3 Rc5 49. Kf2 f5 50. Ne2 Bxh2 51. f4 g5 52. fxg5 Kg6 53. Nd4
Be5 54. Ke3 Ra5 55. Nf3 Ra3+ 56. Kf2 Bf4 57. c5 Bxg5 58. c6 Be3+ 59. Kg3 Bb6
60. c7 Bxc7+ 61. Rxc7 Ra4 62. Rc6+ Kf7 63. Ne5+ Ke7 64. Kf3 Re4 65. Ng6+ Kf7
66. Nf4 Ra4 67. Nd5 Rd4 68. Ne3 Ra4 69. Nxf5 Rb4 70. Ra6 Rb1 71. Ke4 Re1+ 72.
Kd5 Rd1+ 73. Nd4 Ke7 74. Rh6 Kf7 75. Rh4 Ke7 76. Rf4 Rd2 77. Ke5 Rd1 78. Re4
Kd7 79. Rh4 Re1+ 80. Kd5 Ke7 81. Nf3 Rd1+ 82. Ke5 Kd7 83. Rh7+ Kc6 84. Nd4+ Kc5
85. Rc7+ Kb6 86. Rc3 Rh1 87. Rc6+ Kb7 88. Kd5 Rh5+ 89. Kc4 Rh4 90. Rf6 Kc7 91.
Kc5 Rh5+ 92. Nf5 Kd7 93. Kd5 Kc7 94. Rf8 Kb6 95. Ke6 Kc5 96. Rc8+ Kb4 97. Ne3
Kb3 98. Nd5 Kb2 99. Rc4 Kb3 100. Rc3+ Kb2 101. Rg3 Kc2 102. Kd6 Kd2 103. Kc5
Rh4 104. Ra3 Ke2 105. Nf6 Kd2 106. Kd5 Ke2 107. Ne4 Rh8 108. Ng3+ Kd2 109. Ke4
Re8+ 110. Kf4 Re7 111. Ne4+ Kc2 112. Ke3 Re8 113. Ra6 Kb3 114. Kd3 Rd8+ 115.
Nd6 Kb4 116. Kd4 Kb3 117. Kd3 Kb4 118. Kd4 1/2-1/2

[Event "4NCL/Div1/NWE1 vs. WGR1"]
[Site "West Bromwich ENG"]
[Date "2004.11.20"]
[Round "3.5"]
[White "Kennaugh, Charles W"]
[Black "Arakhamia-Grant, Ketevan"]
[Result "1/2-1/2"]
[WhiteElo "2281"]
[BlackElo "2460"]
[PlyCount "71"]
[EventDate "2004.11.20"]
[SourceDate "2004.09.21"]

1. e4 c5 2. b3 d6 3. Bb2 Nc6 4. f4 e5 5. Nf3 exf4 6. Bc4 Be6 7. Nc3 Nf6 8. Nd5
Be7 9. Qe2 O-O 10. Nxf4 Bxc4 11. Qxc4 Ne5 12. Nxe5 dxe5 13. Nd3 Bd6 14. O-O Nd7
15. a4 Qc7 16. a5 Qc6 17. Nf2 b5 18. axb6 Nxb6 19. Ra6 Rfc8 20. Qd3 f6 21. Rfa1
c4 22. bxc4 Bc5 23. Ba3 Bxf2+ 24. Kxf2 Qxc4 25. Qxc4+ Rxc4 26. c3 Rxe4 27. Bc5
Rd8 28. R1a2 Nc4 29. d4 exd4 30. Bxd4 Nd6 31. Rxa7 Nb5 32. Ra8 Rxa8 33. Rxa8+
Kf7 34. Kf3 Rh4 35. Kg3 Re4 36. Kf3 1/2-1/2

[Event "4NCL/Div1/NWE1 vs. WGR1"]
[Site "West Bromwich ENG"]
[Date "2004.11.20"]
[Round "3.6"]
[White "Sedina, Elena"]
[Black "Hague, Ben"]
[Result "0-1"]
[WhiteElo "2431"]
[BlackElo "2264"]
[PlyCount "94"]
[EventDate "2004.11.20"]
[SourceDate "2004.09.21"]

1. e4 g6 2. d4 Bg7 3. Nc3 d6 4. f4 a6 5. Nf3 Nd7 6. Bd3 c5 7. dxc5 Nxc5 8. O-O
Nf6 9. Kh1 O-O 10. Qe1 b5 11. a3 Bb7 12. Bd2 Rc8 13. b4 Nfxe4 14. Nxe4 Bxe4 15.
Bxe4 Bxa1 16. bxc5 Bf6 17. Ba5 Qd7 18. cxd6 exd6 19. Qd2 Rfe8 20. Bd5 Qf5 21.
Bb3 Re4 22. Qxd6 Rxf4 23. Qxa6 Bc3 24. Bxc3 Rxc3 25. Qa5 Re3 26. Qd8+ Kg7 27.
Qd2 Rfe4 28. Qf2 Re2 29. Qg1 Rf4 30. Qa7 Qg4 31. Qg1 Qf5 32. Nd4 Rxf1 33. Nxf5+
Rxf5 34. h3 h5 35. Qd4+ Kh7 36. Kh2 Re1 37. Qd2 Rff1 38. Kg3 Re4 39. Qd3 h4+
40. Kh2 Ree1 41. Qxf1 Rxf1 42. a4 bxa4 43. Bxa4 Kg7 44. Bb5 Rf2 45. Bd3 Rd2 46.
Kg1 f5 47. Kf1 Kf6 0-1

[Event "4NCL/Div1/NWE1 vs. WGR1"]
[Site "West Bromwich ENG"]
[Date "2004.11.20"]
[Round "3.7"]
[White "Spence, David"]
[Black "Hunt, Harriet"]
[Result "0-1"]
[WhiteElo "2221"]
[BlackElo "2385"]
[PlyCount "126"]
[EventDate "2004.11.20"]
[SourceDate "2004.09.21"]

1. d4 Nf6 2. Nf3 e6 3. e3 b6 4. Bd3 Bb7 5. O-O c5 6. c4 g6 7. dxc5 bxc5 8. Bd2
Bg7 9. Bc3 O-O 10. Nbd2 Nc6 11. Rc1 Rb8 12. Qe2 Qe7 13. Rfd1 Rfd8 14. Nb3 e5
15. Ng5 Nb4 16. Bxb4 cxb4 17. c5 h6 18. Nh3 Ba8 19. e4 Rdc8 20. f3 a5 21. Bb5
Rc7 22. Nf2 Kh7 23. Rd6 Rxc5 24. Rxc5 Qxd6 25. Ba4 Qe7 26. Rc7 Qe6 27. Ra7 d5
28. Ra6 Qe7 29. Rxa5 Rc8 30. Qe3 dxe4 31. fxe4 Qe6 32. Ra7 Qc4 33. Nd2 Qc1+ 34.
Nf1 Qxe3 35. Nxe3 Rc1+ 36. Nfd1 Bxe4 37. Rxf7 h5 38. Kf2 g5 39. Bb3 Kg6 40. Re7
Rc5 41. Bf7+ Kh6 42. Be6 Ra5 43. Nc4 Rxa2 44. Nde3 Bg6 45. Nd6 Rxb2+ 46. Ke1
Rb1+ 47. Ke2 Rb2+ 48. Ke1 Bf8 49. Ndf5+ Bxf5 50. Nxf5+ Kg6 51. Rf7 Nh7 52. Ne3
g4 53. Rf5 Nf6 54. Nc4 Rb1+ 55. Ke2 Bh6 56. Rxe5 Rg1 57. Bf5+ Kg7 58. Nd6 Kf8
59. Kf2 Rd1 60. Re6 Bg5 61. Nc8 Nd5 62. Rg6 Be3+ 63. Kg3 Rf1 0-1

[Event "4NCL/Div1/NWE1 vs. WGR1"]
[Site "West Bromwich ENG"]
[Date "2004.11.20"]
[Round "3.8"]
[White "Dembo, Yelena"]
[Black "Milligan, Helen"]
[Result "1-0"]
[WhiteElo "2396"]
[BlackElo "2077"]
[PlyCount "129"]
[EventDate "2004.11.20"]
[SourceDate "2004.09.21"]

1. e4 e5 2. Nf3 Nf6 3. Nxe5 d6 4. Nf3 Nxe4 5. d4 d5 6. Bd3 Be7 7. O-O Nc6 8. c4
Nb4 9. Be2 O-O 10. a3 Nc6 11. Nc3 Nxc3 12. bxc3 Bf5 13. cxd5 Qxd5 14. Re1 Bf6
15. Be3 Rfe8 16. c4 Qd7 17. Ra2 b6 18. h3 Rad8 19. Rd2 h6 20. Bf1 Be4 21. Ne5
Bxe5 22. dxe5 Qe6 23. f3 Bh7 24. Bf2 Rxd2 25. Qxd2 Rd8 26. Qc3 Ne7 27. c5 Qd7
28. Be2 Bf5 29. Rd1 Qe8 30. cxb6 Rxd1+ 31. Bxd1 cxb6 32. Be2 Qd7 33. Kh2 Be6
34. Bd3 Bf5 35. Be2 Be6 36. Qd3 Nd5 37. Qd4 Qc7 38. f4 Ne7 39. Bd3 Bf5 40. Bc4
Qd7 41. Qe3 Be6 42. Be2 Nf5 43. Qc3 Qa4 44. g3 Ne7 45. Qd3 Qd7 46. g4 Bd5 47.
Bd1 Bc6 48. Qxd7 Bxd7 49. Bc2 Nd5 50. f5 Kf8 51. Bd4 Nc7 52. Kg3 Nb5 53. Bb2
Nc7 54. h4 b5 55. Bd4 a6 56. Be4 Ne8 57. Bc5+ Kg8 58. Bb6 b4 59. axb4 Bb5 60.
Kf4 Kf8 61. Bc5+ Kg8 62. g5 hxg5+ 63. hxg5 Bc4 64. Bb6 Bb5 65. Bd5 1-0

[Event "4NCL/Div1/BET vs. AD1"]
[Site "West Bromwich ENG"]
[Date "2004.11.20"]
[Round "3.2"]
[White "Hennigan, Michael T"]
[Black "Hunt, Adam C"]
[Result "1-0"]
[WhiteElo "2417"]
[BlackElo "2434"]
[PlyCount "79"]
[EventDate "2004.11.20"]
[SourceDate "2004.09.21"]

1. g3 c5 2. Bg2 Nc6 3. Nf3 g6 4. O-O Bg7 5. e4 e5 6. c3 Nge7 7. a3 d6 8. b4 h6
9. Bb2 O-O 10. d3 Be6 11. Nbd2 Rc8 12. Re1 Qd7 13. Nc4 b5 14. Ne3 cxb4 15. axb4
f5 16. Nd2 f4 17. Nd5 g5 18. c4 Rb8 19. Bc3 g4 20. Ra6 f3 21. Bf1 Nd4 22. Bxd4
exd4 23. Qa1 Rb7 24. c5 Nc6 25. Nb3 Rf7 26. cxd6 Bxd5 27. Nc5 Qxd6 28. Nxb7
Rxb7 29. exd5 Qxd5 30. Qc1 Nxb4 31. Qc8+ Kh7 32. Rae6 Qd7 33. Qc5 Nd5 34. Rd6
Qf7 35. Rxd5 b4 36. Rf5 Qg6 37. h3 b3 38. hxg4 b2 39. Rb1 Qe6 40. Qd5 1-0

[Event "4NCL/Div1/BET vs. AD1"]
[Site "West Bromwich ENG"]
[Date "2004.11.20"]
[Round "3.3"]
[White "Ledger, Andrew J"]
[Black "Richardson, John R"]
[Result "1/2-1/2"]
[WhiteElo "2450"]
[BlackElo "2309"]
[PlyCount "170"]
[EventDate "2004.11.20"]
[SourceDate "2004.09.21"]

1. e4 d5 2. exd5 Qxd5 3. Nc3 Qa5 4. Bc4 Nf6 5. h3 c6 6. Nf3 b5 7. Bb3 e6 8. O-O
c5 9. d3 Nc6 10. Bf4 Be7 11. a4 b4 12. Nb5 O-O 13. d4 Nxd4 14. Nfxd4 cxd4 15.
Qxd4 Bb7 16. Nd6 Bd5 17. Bxd5 Qxd5 18. Rfd1 {(=)} Qxd4 19. Rxd4 Rfd8 20. Re1
Kf8 21. Be5 Nd5 22. Nc4 f6 23. Bg3 e5 24. Rd3 Rac8 25. b3 Nc3 26. Rxd8+ Rxd8
27. f3 Bc5+ 28. Bf2 Bxf2+ 29. Kxf2 Rd4 30. Ke3 Kf7 31. g3 Ke6 32. Nb2 h5 33.
Nd3 f5 34. Kf2 e4 35. Ke3 Kd5 36. Nf4+ Ke5 37. Ng6+ Kd5 38. Nf4+ Ke5 39. Ng6+
Kd5 40. Ne7+ Kc5 41. Nxf5 Rd7 42. fxe4 g6 43. Nh4 Nxe4 44. Nxg6 Nxg3 45. Kf4
Rg7 46. Ne5 h4 47. Nf3 Nh5+ 48. Kf5 Ng3+ 49. Ke6 Rg6+ 50. Kf7 Rh6 51. Re5+ Kd6
52. Ra5 Rh8 53. Nd4 Ne4 54. Kg7 Rc8 55. Rh5 a6 56. Nf5+ Ke6 57. Nd4+ Kd6 58.
Rxh4 Kd5 59. Nf5 Rc7+ 60. Kf8 Nf6 61. Rxb4 Ke5 62. Ne3 Nh7+ 63. Ke8 Ng5 64.
Nc4+ Kf6 65. Ne3 Re7+ 66. Kd8 Rxe3 67. Rb6+ Ne6+ {(=)} 68. Kd7 Kf7 69. b4 Re4
70. a5 Nf4 71. c3 Nd5 72. Rxa6 Nxc3 73. Rc6 Rd4+ 74. Kc8 Nb5 75. Rb6 Rxb4 76.
a6 Rc4+ 77. Kb8 Ra4 78. Kb7 Ra5 79. h4 Ke7 80. h5 Nd6+ 81. Kb8 Rxh5 82. Rxd6 {
(=)} Kxd6 83. a7 Rh8+ 84. Kb7 Rh7+ 85. Kb6 Rxa7 1/2-1/2

[Event "4NCL/Div1/BET vs. AD1"]
[Site "West Bromwich ENG"]
[Date "2004.11.20"]
[Round "3.4"]
[White "Lyell, Mark"]
[Black "Ansell, Simon"]
[Result "0-1"]
[WhiteElo "2230"]
[BlackElo "2403"]
[PlyCount "134"]
[EventDate "2004.11.20"]
[SourceDate "2004.09.21"]

1. e4 c5 2. b3 d6 3. Bb2 e5 4. f4 Nc6 5. Bb5 exf4 6. Nf3 Bd7 7. O-O Nf6 8. Na3
Be7 9. Nc4 O-O 10. Bxc6 Bxc6 11. e5 dxe5 12. Nfxe5 Bd5 13. Rxf4 Be6 14. Qe2 Nd5
15. Rf3 Bg5 16. Raf1 Qe7 17. Qf2 f6 18. h4 Bh6 19. Nd3 b6 20. Qg3 Qc7 21. Qxc7
Nxc7 22. Ne3 Nd5 23. Nxd5 Bxd5 24. Rg3 Kh8 25. Nf4 Bf7 26. d4 cxd4 27. Bxd4
Rad8 28. c3 Rde8 29. Nd3 Bg6 30. Nf4 Bf7 31. Nd3 Re6 32. Nf2 Bf4 33. Rf3 Be5
34. Bxe5 Rxe5 35. Nd3 Re2 36. R1f2 Re4 37. Rf4 Rfe8 38. Rxe4 Rxe4 39. Rf4 Rxf4
40. Nxf4 g5 41. hxg5 fxg5 42. Nd3 Kg7 43. Kf2 h5 44. c4 Kf6 45. c5 bxc5 46.
Nxc5 Ke5 47. Ke3 h4 48. Nd3+ Kf5 49. Nb4 Be8 50. a4 Kg4 51. Kf2 Kf4 52. a5 Ke4
53. Na6 Kd4 54. Kf3 Bc6+ 55. Kf2 Kc3 56. Nc5 Bd5 57. a6 Kb4 58. Nd7 Bxb3 59.
Ne5 Bd5 60. g3 Kb5 61. gxh4 gxh4 62. Ng6 h3 63. Kg3 Bg2 64. Nf4 Kxa6 65. Nxh3
Bxh3 66. Kf4 Kb5 67. Ke3 Kb4 0-1

[Event "4NCL/Div1/BET vs. AD1"]
[Site "West Bromwich ENG"]
[Date "2004.11.20"]
[Round "3.5"]
[White "Duncan, Christopher R"]
[Black "Snape, Ian"]
[Result "1/2-1/2"]
[WhiteElo "2332"]
[BlackElo "2273"]
[PlyCount "57"]
[EventDate "2004.11.20"]
[SourceDate "2004.09.21"]

1. Nf3 Nf6 2. c4 g6 3. Nc3 Bg7 4. e4 d6 5. d4 O-O 6. Be2 e5 7. O-O Nc6 8. d5
Ne7 9. b4 Nh5 10. Re1 f5 11. Ng5 Nf6 12. f3 Kh8 13. Qb3 h6 14. Ne6 Bxe6 15.
dxe6 Nc6 16. Be3 fxe4 17. fxe4 Nd4 18. Bxd4 exd4 19. Nd5 Ng8 20. Qg3 g5 21. c5
c6 22. cxd6 cxd5 23. e7 Nxe7 24. dxe7 Qxe7 25. exd5 Qxb4 26. Bd3 Rae8 27. Re6
Qd2 28. Rae1 Rc8 29. R6e2 1/2-1/2

[Event "4NCL/Div1/BET vs. AD1"]
[Site "West Bromwich ENG"]
[Date "2004.11.20"]
[Round "3.6"]
[White "Wheeler, Darren P"]
[Black "Eames, Robert G"]
[Result "1/2-1/2"]
[WhiteElo "2239"]
[BlackElo "2309"]
[PlyCount "45"]
[EventDate "2004.11.20"]
[SourceDate "2004.09.21"]

1. e4 c5 2. f4 d5 3. exd5 Nf6 4. Bb5+ Bd7 5. Bxd7+ Qxd7 6. c4 e6 7. Qe2 Bd6 8.
f5 O-O 9. fxe6 fxe6 10. dxe6 Qe8 11. Nf3 Nc6 12. O-O Qh5 13. h3 Rae8 14. Nc3
Nd8 15. d3 Nxe6 16. Ne4 Be5 17. Be3 Nf4 18. Bxf4 Bxf4 19. b3 Nxe4 20. dxe4 Qg6
21. e5 Qg3 22. Qe1 Bxe5 23. Nxe5 1/2-1/2

[Event "4NCL/Div1/BET vs. AD1"]
[Site "West Bromwich ENG"]
[Date "2004.11.20"]
[Round "3.7"]
[White "Ledger, David J"]
[Black "Anderton, David"]
[Result "1-0"]
[WhiteElo "2267"]
[BlackElo "2248"]
[PlyCount "93"]
[EventDate "2004.11.20"]
[SourceDate "2004.09.21"]

1. e4 e6 2. d4 d5 3. Nc3 Nf6 4. Bg5 Bb4 5. e5 h6 6. Bd2 Bxc3 7. bxc3 Ne4 8. Qg4
g6 9. Qf4 c5 10. Bd3 Nxd2 11. Qxd2 Qa5 12. Nf3 Nc6 13. dxc5 Qxc5 14. O-O a6 15.
Rfb1 Na5 16. a4 Bd7 17. Nd4 Qc7 18. Qe3 Rc8 19. Ne2 Nc6 {(=)} 20. f4 O-O 21. h4
h5 22. Qg3 Ne7 23. Rb3 Nf5 24. Bxf5 exf5 25. a5 Kh7 26. Qg5 Bb5 27. Nd4 Qd7 28.
Rab1 Rc5 29. Qf6 Re8 30. Re1 Qe7 31. Qxe7 Rxe7 32. Nxb5 axb5 33. Reb1 Rec7 34.
Rxb5 Rxc3 35. Rxb7 Rxc2 36. Rxc7 Rxc7 37. a6 Ra7 38. Ra1 Kg7 39. Kf2 f6 40.
exf6+ Kxf6 41. Ke3 Ke6 42. Kd4 Kd6 43. Ra2 Kc6 44. Ra3 Kb5 45. Kxd5 Rd7+ 46.
Ke6 Ra7 47. Kf6 1-0

[Event "4NCL/Div1/BET vs. AD1"]
[Site "West Bromwich ENG"]
[Date "2004.11.20"]
[Round "3.8"]
[White "Bellin, Jana"]
[Black "Tidman, Sophie"]
[Result "1-0"]
[WhiteElo "2184"]
[BlackElo "2127"]
[PlyCount "80"]
[EventDate "2004.11.20"]
[SourceDate "2004.09.21"]

1. d4 e6 2. Nf3 Nf6 3. c4 c5 4. d5 exd5 5. cxd5 d6 6. Nc3 g6 7. e4 a6 8. a4 Bg4
9. Be2 Bxf3 10. Bxf3 Nbd7 11. a5 Bg7 12. O-O O-O 13. Bg5 h6 14. Bf4 Qe7 15. h3
Rfe8 16. Qd2 Kh7 17. Rfe1 Ne5 18. Be2 Rac8 19. Bg3 Qc7 20. f4 Ned7 21. Bc4 Nh5
22. Bh2 Bd4+ 23. Kh1 Qd8 24. g4 Ng7 25. Bg3 h5 26. g5 f5 27. gxf6 Qxf6 28. Bd3
Qf7 29. Ne2 Bf6 30. Rg1 Nf8 31. Nc3 Qd7 32. Kh2 h4 33. Bf2 Nh5 34. Ne2 Qg7 35.
Rab1 Re7 36. b3 Rf7 37. Rg4 g5 38. e5+ Ng6 39. exf6 Qxf6 40. Rxg5 Rg8 1-0